00616cam a2200157 4500001001100000008004100011035001500052050002500067245014700092260002700239300002600266440006900292440003700361500001500398700004500413BFIL007358 1952 spa  aBFIL007358 4aPQ6171b.A2 A97 1952 0aAutos Sacramentales : desde su origen hasta fines del siglo XVII /Colección escogida, dispuesta y ordenada, por Eduardo Gonzáles Pedroso. aMadrid :bAtlas,c1952 alxi, 580 p. ;c27 cm. 0aBiblioteca de Autores Españoles : desde la formación del le- 0anguje hasta nuestros días ; 58 a1 ejemplar1 González Pedroso, Eduardo,ecolección